| 000 | 01198nam a22002537a 4500 | ||
|---|---|---|---|
| 999 |
_c21341 _d21341 |
||
| 003 | AR-CdUCM | ||
| 008 | 190415b ||||| |||| 00| 0 spa d | ||
| 020 | _a9786124790508 | ||
| 040 |
_aMUNICIPALIDAD PROVINCIAL DEL CUSCO _cBIBLIOTECA MUNICIPAL DEL CUSCO |
||
| 082 |
_a373/A29 _bA29 |
||
| 100 |
_aAgramonte Rosell, Regina de la Caridad _944502 |
||
| 245 | _aCoordenadas epistemológicas de la educación superior / | ||
| 260 |
_aLima ; _bIntik'anchay, _c2018. |
||
| 300 |
_a126 Páginas. : _c20 cm. |
||
| 505 | _aContenido: Análisis Espistemológico de la Matriz de consistencia y la operacionalización de variables y su relación con el proyecto de investigación -- Investigación universitaria Artes, Literatura y Ciencias -- Aprendizaje autónomo en contextos universitarios -- Comprensión de textos escritos razones para la polémica. | ||
| 650 |
_aMétodos de investigación _914974 |
||
| 650 |
_aMetodología de la investigación _95165 |
||
| 650 |
_aDiseño de análisis _932087 |
||
| 650 |
_aFases de la investigacion _932088 |
||
| 650 |
_aInvestigación universitaria _944246 |
||
| 710 |
_aUniversidad Peruana Austral del Cusco _944503 |
||
| 942 |
_2ddc _cLIBROS |
||
| 945 | _aRoel | ||